| 000 | 01237nam a2200361 c 4500 | ||
|---|---|---|---|
| 999 |
_c167935 _d167935 |
||
| 003 | BLK | ||
| 005 | 20220523084041.0 | ||
| 008 | 180411b bul|||||r ||||||| ||bul|| | ||
| 010 | _aKNG00175789000 | ||
| 040 | _aBLK | ||
| 041 |
_aBUL _cBUL |
||
| 072 | 7 |
_2bullib _aК _xКраезнание |
|
| 080 |
_aБългарска литература _b821.163.2 _x-4 _z821.163.2-4 |
||
| 100 | 1 |
_aКазака, Теню _eпърви автор _gСтоянов, Стоян Стойков _9316051 |
|
| 139 |
_aКазака, Теню _bК 13 |
||
| 245 | 1 | 0 |
_aПлаващи домове _bПътепис _cТеню Казака. |
| 257 | _aBGR | ||
| 260 |
_bХристо Г. Данов _c1965 _aПловдив |
||
| 300 |
_a112 с., 4 л. _bил. _c20 см |
||
| 380 | _aX | ||
| 500 | _a12 080 тир. - С кораба "Хр. Ботев" на далечно плаване по р. Дунав | ||
| 651 | 4 |
_aБългария _9241624 |
|
| 651 | 4 |
_aДунав _9178849 |
|
| 653 | _aпътеписи | ||
| 653 | _aкораби | ||
| 653 | _aДунав | ||
| 659 | _aК | ||
| 852 | _aЦб 35066 | ||
| 852 | _aК 821.163.2/К 11 Т | ||
| 856 | 4 | _qpdf | |
| 856 | 4 | _qpdf | |
| 942 |
_cKNG _n0 _s1 |
||
| 944 |
_aCR _c25.05.2015 _kВалентина_Караджова |
||
| 944 |
_aED _c12.08.2015 _kВаля_Йорданова |
||
| 999 | _d167935 | ||
| 999 | _d167935 | ||
| 999 | _d167935 | ||